| 000 | 00451nam a22001817a 4500 | ||
|---|---|---|---|
| 003 | NUST - PNEC | ||
| 005 | 20170116181118.0 | ||
| 008 | 151001b xxu||||| |||| 00| 0 eng d | ||
| 020 | _a0340183721 | ||
| 040 | _cLIBRARY | ||
| 082 | _a670.42 HAS | ||
| 100 |
_913358 _aAdithan, M. |
||
| 245 |
_aManufacturing technology _cAdithan, M. |
||
| 250 | _a2nd ed. | ||
| 260 | _cc 1996 | ||
| 650 |
_911739 _aManufacturing processes _xIME |
||
| 942 |
_2ddc _cBK |
||
| 999 |
_c69462 _d69462 |
||